MDQL
is popping MORE tags! Check the
thread
!
Quizzes
Events
Quiz Creation
Community
Videos
Private Events
Remove Ads
Sign In
Join for FREE
Feedback
Dark Mode
Quiz Categories
Sports
Geography
Music
Movies
Television
Just For Fun
Miscellaneous
History
Literature
Language
Science
Gaming
Entertainment
Religion
Holiday
For Kids
Quiz Lab
Recent
Popular Today
Quiz Kudos Today
Editor Picks
Curator Picks
Quizzes by...
Day
Popularity
Type
Ratings
Length
Year
Community
Subscriptions
Recent Discussions
Orange Saloon
Badges
Playlists
Quests
Create
Leaderboards
Showdown
Live 5
Trivia Bingo
Activity
Puzzle Library
Sporcle Events
Private Events
Virtual Trivia
Globe League
Become a Host
Pub Owners
SporcleCon
Opinionation
Our Games
Videos
Blog
Mobile Apps
Partnerships
Remove Ads and Go Orange
Feedback
Movies
Disney
Marvel Cinematic Universe
Movie Resume
Movie Titles
Oscar
Actor
Actress
Director
Pixar
Role
Movie Quotes
Movie Characters
Box Office
Nominee
Best Picture
Star Wars
James Bond
Horror Movies
Movies
Disney
Marvel Cinematic Universe
Movie Resume
Movie Titles
Oscar
Actor
Actress
Director
Pixar
Role
Movie Quotes
Movie Characters
Box Office
Nominee
Best Picture
Star Wars
James Bond
Horror Movies
Random Quiz
Search Sporcle
×
Quiz Lab
Quiz Lab
Movies
Saw
Type in answers that appear in a list
Type in answers that appear in a list
Classic
Best Score? Go Orange.
Saw Trivia Stats
Can you name the answers to this 'Saw' trivia??
By
darkangel7
4m
16 Questions
1,468 Plays
1,468 Plays
1,468 Plays
Comments
Comments
Give Quiz Kudos
Give Quiz Kudos
-
- Ratings
hide this ad
Forced Order
Answers have to be entered in order
Answers have to be entered in order
Replay
Link that replays current quiz
Next Quiz
Link to next quiz in quiz playlist
You Got
0%
They Got
Avg Score
55%
Avg Friend Score
Upgrade to see
Score Distribution
Jump to the score distribution portion of the page
Score
0/16
Timer
04:00
0
Plays Today
Hint
Answer
% Correct
She was Jigsaw's first survivor and became his apprentice
Amanda
97.4%
The second victim of the 'Bathroom Trap' who had to kill his cellmate Adam
Dr. Lawrence Gordon
79.3%
The name of the infamous 'Jigsaw Killer'
John Kramer
77%
The movie with the 'Nerve Gas House' trap
Saw II
72.1%
This trap may be Saw's most famous. First seen in Saw and remodified in Saw VI
The Reverse Bear Trap
61%
A famous trap that is the opening for Saw II
The Death Mask or Venus Fly Trap
59.1%
The doctor killed by the 'Shotgun Collar' at the end of Saw III
Lynn
57%
The officer that was tested throughout Saw IV
Officer Rigg
56.2%
Hint
Answer
% Correct
Victim of the 'Pendulum Trap' in Saw V
Seth
55.6%
This character cuts off the skin on the back of his neck in Saw II
Xavier
51.6%
A man named Paul was the victim of this trap, in which he had to 'cut himself again'
The Razorwire Maze
48.5%
A trap revealed in a Saw VI teaser involving six victims on a rotating object
The Carousel Trap
46.8%
The victim of the chain or 'Classroom Trap' in Saw III
Troy
38.3%
Jigsaw's first trap, the victim being a man named Cecil
The Knife Chair
36%
The female survivor of the 'Fatal Five' in Saw V
Brit
25.1%
In Saw IV, this woman had to kill her husband but pulling out metal rods impaling them both (the rods happened to puncture the husband's major arteries)
Morgan
22.4%
Quiz Playlist
Details
Report
Send in Message
Add To Playlist
Classic:
Type in answers that appear in a list
Forced Order:
Answers have to be entered in order
Last Updated: Feb 16, 2017
Quiz Scoreboard
CHALLENGE
Sign Up to Join the Scoreboard
Show All
Scores
Hide
Comments
May contain spoilers
Recently Published
Image Sorting: Flags VI
by Barbecue
Geography
2m
Find the 'City' Movie
by crazypaving
Movies
60s
Colored Red Africa Blitz
by spor1
Geography
45s
More to Explore
Quiz From the Vault
Featured Blog Post
14 Easter Pick-up Lines to Find Eggs With
hide this ad
You Might Also Like...
Tags
Saw
Today's Top Quizzes in Movies
Browse Movies
hide this ad
Top Contributed Quizzes in Movies
1
Find The 'Big' Movie
2
Find The 'Wild' Movie
3
Find The 'Blue' Movie
4
Movies By Plot
5
Hidden Star Wars Character II
6
Pick 5 Posters: Directed by Spielberg
7
The ultimate James Bond movie quiz
8
Hidden Star Wars Character III
9
Hidden Star Wars Character IV
10
25 Best Actor Nominees (1990s)
Explore More
Trending Topics
Harry Potter
Marvel
Disney
NBA
Anime
Crossword
Kpop
Song
The Office
NFL
Soccer
Puzzle
Country
WWE
Pokémon
hide this ad
More By:
darkangel7
Quiz
Plays
Rating
Category
Featured
Created
Wii Sports
95,227
4.13
Gaming
Nov 4, 2009
Horror Movie Killers/Villians
2,622
3.33
Movies
Oct 31, 2009
Horror Movie by Quote
2,458
3.56
Movies
Oct 31, 2009
Saw Traps
1,517
3.13
Movies
Nov 5, 2009
Saw Trivia
1,468
4.40
Movies
Oct 31, 2009
Go to Creator's Profile
Score Distribution
Quiz Creator Spotlight
darkangel7
Follow
Send a Message
Quizzes Created
-
Created Quiz Play Count
-
More By This Creator
Popular Quizzes Today
1
Colored Red Africa Blitz
2
Find the US States - No Outlines Minefield
3
Find the 'City' Movie
4
5x2 Blitz: Bands
5
The Countries of the World
6
Find the US States
7
Find the Countries of Europe - No Outlines Minefield
8
US States
More Movies Quizzes
Odd One Out: MCU Scenes II
Published
Trending Quizzes
Colored Red Europe Blitz I
Colored Red Europe Blitz II
Colored Red Africa Blitz II
Colored Red Europe Blitz III
Colored Red Africa Blitz III
Recently Updated
How Do You Spell That?
pecheneg
Godzilla Movies
pecheneg
Grab Bag: 4-10 Letters
pecheneg
2024 March Madness Bracket
pecheneg
Famous TV Couples
Peacemaker
Champions League XIs: Real Madrid
pecheneg
Largest US Cities 1790-2010
pecheneg
Rides in Walt Disney World
pecheneg
Most Oscar Losses (Acting)
pecheneg
Beyoncé Albums
pecheneg
Trending Topics
Anime
Crossword
NBA
Marvel
Harry Potter
Disney
Kpop
NFL
The Office
Soccer
Country
WWE
Song
Puzzle
Pokémon
Your Account Isn't Verified!
In order to create a playlist on Sporcle, you need to verify the email address you used during registration. Go to your
Sporcle Settings
to finish the process.
Report this User
Report this user for behavior that violates our
Community Guidelines
.
Details:
Send Report
Go to the Sporcle.com Mobile Site →
Comments